000 02390cam a22005294i 4500
003 PE-LiUPU
005 20250731173414.0
008 150706s r 000 0 d
020 _a9781577568278
035 _a(Sirsi) i9781577568278
040 _aPE-LiUPU
_bspa
_cPE-LiUPU
_erda
049 _aPRUA
082 0 4 _a248.4
_bO44
_221
100 1 _aOliver, Willie,
_eautor.
245 1 0 _aFamilies reaching up :
_brevival [and] reformation /
_cWillie y Elaine Oliver con Claudio y Pamela Consuegra, Pedro Iglesias, Linda Koh, Don MacLafferty, Barna Magyarosi, John Nixon, David y Beverly Sedlacek, Heather-Dawn Small, Kathleen Sowards, Lidia Stolyar y Ted Wilson.
264 1 _aSilver Spring, MD :
_bFamily Ministries Dept., North American Division of Seventh-day Adventists,
_c2011.
300 _a84 páginas :
_bilustraciones ;
_c28 cm.
300 _a02 CD- ROM
336 _atext
_2rdacontent
337 _aunmediated
_2rdamedia
338 _avolume
_2rdacarrier
505 0 _aSermons -- Responsive reading -- Mini-Seminars -- Children's Stories -- Leadership resources and sermons -- Book reviews -- Reprinted Articles.
526 _aSEG42
526 _aSEG41
526 _aSEG40
526 _aSEG39
526 _aP94
526 _aP87
526 _aP86
526 _aP85
526 _aP77
526 _aP76
526 _aP35
650 0 4 _aFamilias
_xVida Religiosa.
650 0 4 _aTrabajo de iglesia con familias
_xAdventistas del Séptimo Día.
700 1 _aOliver, Elaine,
_eautor.
910 _agl20120223
942 _2ddc
_cBOOK
949 _a248.4 O44
_wDEWEY
_c1
_i64342
_lCCODEBUL1
_mBUL
_p12.00
_r0
_sY
_tBOOK
_u2015-7-6
_xBIBLIOTECA
_zUNKNOWN
_o.STAFF. Colección General
949 _a248.4 O44
_wDEWEY
_c2
_i64343
_lCCODEBUL1
_mBUL
_p14.00
_r0
_sY
_tBOOK
_u2015-7-6
_xBIBLIOTECA
_zUNKNOWN
_o.STAFF. Colección General
994 _aC0
_bPEPRU
596 _a1
999 _a248.4 O44
_wDEWEY
_c53142
_i64342
_f2021-11-10
_g5
_lCCODEBUL1
_mBUL
_p12.00
_r0
_sY
_tBOOK
_u2015-7-6
_xTEOLOGIA
_PP35
_0COMPRA
_o.STAFF. Colección General
_d53142
999 _a248.4 O44
_wDEWEY
_c2
_i64343
_f2021-11-10
_g5
_lCCODEBUL1
_mBUL
_p14.00
_r0
_sY
_tBOOK
_u2015-7-6
_xTEOLOGIA
_PP35
_0COMPRA
_o.STAFF. Colección General
980 _81
_gALBERTO SANCHEZ Responsable de Automatización